| 000 | 00777nam a22002052 4500 | ||
|---|---|---|---|
| 001 | 0000021600 | ||
| 005 | 20151217155910.0 | ||
| 008 | 120809s xx 000 0 eng d | ||
| 040 |
_aKE-KaUL _cKE-KaUL |
||
| 110 | 2 |
_aLaikipia University College. _@0000182550 |
|
| 245 | 1 | 0 |
_a!st International Conference : mediating crisis, diversity and change in africa 20th-23rd June 2012 at Laikipia University College, Main Campus : _bbook of abstracts. |
| 250 | _a1st ed. | ||
| 260 |
_aNyahururu, Kenya : _bLaikipia University College, _c2012. |
||
| 300 | _axxii, 84 p. | ||
| 650 | 0 |
_aManaging change _vAbstracts. _@0000182551 |
|
| 650 | 0 |
_aCrisis management _vAbstracts. _@0000182552 |
|
| 908 | _a120809 | ||
| 950 | _@1 | ||
| 999 |
_c13847 _d13847 |
||